00683nam a22002057a 4500999001900000005001700019010001500036020002600051035001400077037001300091082001200104100002400116245008200140260002700222270004000249300002100289500001900310942002500329952012300354 c169524d16952420201116162151.0 aENG-126982 a9788171921744c900.00 aEN-110514 bDBAD/PUB a616.852 aNagpurkar, Jyoti J. aDepression in women :ba psycho- social perspective /cby Jyoti J. Nagpurkar  aNagpurbDattsonsc2019 aJ.Nehru Marg, SadarbNagpure440001 a175p..c21cm(Hb) aIncludes index 2ddccENh616.85mNAG 001040708NFICaZLSbZLSd2019-11-22eDBAD/PUBg900.00l0o616.85 NAGpEN-110514r2019-11-22 00:00:00t1v900.00yEN